000 01371aab a2200241 i 4500
001 768714001
003 CO-MdFUSB
005 20240716092825.0
008 240716t2004 sz ||||| |||| 00| 0 eng d
040 _bspa
_cCO-MdFUSB
041 _aeng
100 _aPhiri, Isabel Apawo,
_eautor
245 1 0 _aLife-giving and life-affirming spirituality :
_ba perspective from Africa
_c/ Isabel Apawo Phiri
520 _aLa autora señala que la educación teológica en el seminario solo estaba abierta a candidatos al ministerio de tiempo completo y, durante su época, no había mujeres ni laicos involucrados. Con estos antecedentes, describe la espiritualidad cristiana contemporánea en África, prestando atención a las experiencias de las mujeres. Eligió este enfoque entendiendo que la espiritualidad cristiana es cada vez más específica de una cultura y la sabiduría de diferentes culturas se refleja cada vez más en la práctica cristiana.
546 _aTexto en inglés.
650 0 _aMujeres
_xAspectos religiosos
_xCristianismo
_9326
650 0 _aMisiones
_9154
650 7 _aCristianismo y cultura
_zÁfrica
_96960
650 7 _aAntropología cultural y social
_96714
773 0 _tReformed World
_049396
_959509
_gVolumen 54, (número 2, 2004) páginas: 107 - 111
_qpágina: 107
942 _cANA
945 _aCatherine Arias Álvarez - Practicante SENA
999 _c59796
_d59796